000 00543nam a2200169 i 4500
001 85122
003 ES-MaACL
005 20230906175203.0
007 t|
008 041125s1969 sp ||||1| spa d
100 1 _aJosmy, Gabrielle.
_966998
245 1 0 _aDetrás de los barrotes
_b: recuerdo de una "visitadora" de prisión /
_cGabrielle Josmy ; [versión por J. Mª Iturrino].
260 _aBilbao :
_bMensajero,
_c[1969]
300 _a114 p. ;
_c19 cm.
700 1 _aIturrino, José María.
_965637
852 _aES-MaACL
_jC-50319
_bR.70534
999 _c85122
_d85122